| 000 | 00844nam a2200253Ia 4500 | ||
|---|---|---|---|
| 005 | 20230703142136.0 | ||
| 008 | 210716s2008 xx 000 0 und d | ||
| 020 | _a9780521736367 | ||
| 040 | _cAIMIT LIBRARY | ||
| 041 | _aeng | ||
| 082 |
_a428.82 _22 _bMCCM |
||
| 100 |
_aMcCarthy, Michael. _9125298 |
||
| 245 |
_aEnglish vocabulary in use : _bUpper intermediate / _cBy Michael McCarthy and Felicity O' Dell |
||
| 250 | _a2nd ed. | ||
| 260 |
_aNew Delhi : _bCambridge University Press, _c2008. |
||
| 300 |
_avi,309p. ; _bPB : _c26 cm |
||
| 650 |
_aEffective Vocabulary Learning _9125299 |
||
| 650 |
_aWord Formation _9125300 |
||
| 650 |
_aWord and Pronunciation _9125301 |
||
| 650 |
_aConnecting and Linking words _9125302 |
||
| 650 |
_aCountable and Unaccountables _9125303 |
||
| 700 |
_aO'dell, Felicity. _9125304 |
||
| 942 |
_2ddc _cBK |
||
| 999 |
_c191256 _d191256 |
||